|
|
|
|
| LEADER |
00760nam a2200205 a 4500 |
| 001 |
c000092566 |
| 003 |
CARM |
| 005 |
19931203000000.0 |
| 008 |
931203s1951 enkb 000 1 eng d |
| 019 |
1 |
|
|a 10569362
|5 LACONCORD2021
|
| 035 |
|
|
|a (OCoLC)1215142
|5 LACONCORD2021
|
| 040 |
|
|
|a VLINC
|b eng
|c VLINC
|
| 082 |
0 |
4 |
|a 823.914
|2 20
|
| 100 |
1 |
|
|a Thirkell, Angela,
|d 1890-1961.
|
| 245 |
1 |
4 |
|a The Duke's daughter /
|c by Angela Thirkell.
|
| 260 |
|
|
|a London :
|b Hamilton,
|c 1951.
|
| 300 |
|
|
|a 344 p. :
|b maps (on lining paper) ;
|c 20 cm.
|
| 852 |
8 |
|
|b CARM
|h A2:AO19A0
|i A01238
|p 0112424
|f BK
|
| 999 |
f |
f |
|i 649b5b84-87c4-55ad-9a1f-125721ec5402
|s 21ebeb92-a893-558c-bc06-3001da7e5bbc
|
| 952 |
f |
f |
|p Can circulate
|a CAVAL
|b CAVAL
|c CAVAL
|d CARM 1 Store
|e A01238
|f A2:AO19A0
|h Other scheme
|i book
|m 0112424
|